Personnel Management (Record no. 948)

MARC details
000 -LEADER
fixed length control field 00403nam a22001577a 4500
005 - DATE AND TIME OF LATEST TRANSACTION
control field 20180801142559.0
008 - FIXED-LENGTH DATA ELEMENTS--GENERAL INFORMATION
fixed length control field 160517b xxu||||| |||| 00| 0 eng d
041 ## - LANGUAGE CODE
Language code of text/sound track or separate title eng
082 ## - DEWEY DECIMAL CLASSIFICATION NUMBER
Item number 2574
Classification number 658.3
100 ## - MAIN ENTRY--AUTHOR NAME
Personal name C.B. Mamoria and S.V. Gankar
245 ## - TITLE STATEMENT
Title Personnel Management
260 ## - PUBLICATION, DISTRIBUTION, ETC. (IMPRINT)
Place of publication New Delhi
Name of publisher Himalaya Publishing House,
Year of publication 1980
300 ## - PHYSICAL DESCRIPTION
Number of Pages 898p,
650 ## - SUBJECT ADDED ENTRY--TOPICAL TERM
Topical Term Management
942 ## - ADDED ENTRY ELEMENTS (KOHA)
Koha item type Books
Holdings
Lost status Damaged status Home library Shelving location Date acquired Cost, normal purchase price Full call number Accession Number Koha item type Collection code Current library
    JRU Library SHELF - 17 - J 17/05/2016 375.00 658.3 2574 Books    
    JRU Library SHELF-62 -B 17/05/2016 375.00 658.3 2575 Books MANAGEMENT JRU Library
    JRU Library SHELF - 17 - J 17/05/2016 375.00 658.3 2576 Books    
    JRU Library SHELF-62 -B 17/05/2016 375.00 658.3 2577 Books MANAGEMENT JRU Library
    JRU Library SHELF-62 -B 17/05/2016 375.00 658.3 2578 Books MANAGEMENT JRU Library